| 000 | 00825nam a2200217 a 4500 | ||
|---|---|---|---|
| 003 | 0 | ||
| 005 | 20250321102653.0 | ||
| 008 | 060801s19uu xx 00 eng d | ||
| 050 |
_aPGS SB 351.M37.I53 _b.T136 2006 |
||
| 100 | _aTakehiko, Mark Maruyama M. | ||
| 245 |
_aFeasibility of using marigold extract as mosquito larvae killer / _cMark Maruyama M. Takehiko. |
||
| 260 |
_aLas PiƱas City, Philippines : _bSouthville International School and Colleges, _c2006. |
||
| 300 |
_a21 pages : _billustrations ; _c28 cm. |
||
| 504 | _aIncludes bibliographical references. | ||
| 650 |
_aMarigold (Tagetes) _vInsecticidal properties. |
||
| 650 |
_aMosquitoes _vControl. |
||
| 650 | _aBotanical pesticides. | ||
| 650 | _aPlant extracts as insecticides. | ||
| 650 |
_aLarvicides _vNatural alternatives. |
||
| 942 |
_2lcc _cPASS |
||
| 999 |
_c97517 _d97517 |
||